5 Joueurs, 1 club - Statistiques

Statistiques générales
  • Ce quiz a été pris 2 119 fois
  • Le résultat moyen est 12 sur 20
Statistiques - réponses
Hint Réponse % Correct
Raymond Kopa - Claude Makélélé - Aurélien Tchouaméni - Dani Carvajal - Cristiano Ronaldo Real Madrid
99%
Dominique Rocheteau - Ronaldinho - Ousmane Dembélé - Guillaume Hoarau - Salvatore Sirigu PSG
93%
Cafu - Jean-Pierre Papin - Rui Costa - Olivier Giroud - Gennaro Gattuso AC Milan
91%
João Félix - Fernando Torres - Gianfranco Zola - N’Golo Kanté - Petr Čech Chelsea
85%
Rio Mavuba - Adil Rami - Victor Osimhen - Rémy Cabella - Dimitri Payet LOSC
74%
Jamie Vardy - Gary Lineker - Ben Chilwell - Gordon Banks - Harry Maguire Leicester City
72%
Rudi Völler - Bruno Conti - Miralem Pjanić - Alisson Becker - Paulo Dybala AS Rome
71%
Jan Oblak - Rui Costa - Ángel Di María - Darwin Núñez - Axel Witsel Benfica
68%
David Ginola - Alan Shearer - Hatem Ben Arfa - Sandro Tonali - Michael Owen Newcastle
60%
Ruud Gullit - Ronaldo - Arjen Robben - Denzel Dumfries - Hirving Lozano PSV
59%
Henri Michel - Mickaël Landreau - Dimitri Payet - Moses Simon - Didier Deschamps FC Nantes
55%
Douglas Costa - Zlatan Ibrahimović - David Beckham - Javier Hernández - Riqui Puig Los Angeles Galaxy
54%
Arturo Vidal - Kai Havertz - Michael Ballack - Jonas Hofmann - Son Heung-min Bayer Leverkusen
52%
Vincent Aboubakar - Guti - Dele Alli - Burak Yilmaz - Cenk Tosun Besiktas
46%
Yaya Touré - Rivaldo - Éric Abidal - Mathieu Valbuena - Kóstas Mítroglou Olympiakos
46%
Robert Pirès - Diego Forlán - Santi Cazorla - Boulaye Dia - Étienne Capoue Villarreal
46%
Christian Vieri - Papu Gómez - Cristiano Doni - Rafael Tolói - Rasmus Højlund Atalanta
45%
Ivan Rakitić - Mohamed Salah - Yann Sommer - Fabian Frei - Granit Xhaka FC Bâle
43%
Naldo - Simon Kjær - Andrea Barzagli - Edin Dzeko - Maximilian Arnold Wolfsburg
33%
Thiago Motta - Diego Milito - Stephan El Shaarawy - Mattia Perin - Milan Badelj Genoa
24%
Aucun quiz correspondant
Distribution des résultats
% des personnes avec chaque résultat
Percentile par nombre de réponses
Votre historique - résultats
Vous n’avez pas pris ce quiz